000 00565nam a2200193 i 4500
001 115595
003 ES-MaACL
005 20230906190515.0
007 t|
008 070413s1906 fr ||||1| fre d
100 1 _aRoz, Firmin.
_9100243
245 1 0 _aEdouard Rod /
_cpar Firmin Roz.
260 _aParis :
_bE. Sansot,
_c1906.
300 _a69 p. :
_bil. ;
_c18 cm.
490 1 _aLes célébrités d'aujourd'hui
830 0 _aLes célébrités d'aujourd'hui
_9180788
852 _aES-MaACL
_jD-754(1)
_q. - Encuadernado con otras obras
999 _c115595
_d115595